LEADER 01169nam a2200265 4500 001 000000367334 003 CaOOAMICUS 005 20260423120928.0 008 260420s2020 it a 000 u ita r 020 $a978-88-87972-17-7 040 $aSeMil$bita 100 1 $aPiretta, Silvia.$0(OLS)http://semarc/name/124183 245 10$aMedioevo profano :$bil soffitto scolpito del castello Sarriod de La Tour /$cSilvia Piretta. 264 1$a[S.l.] :$bTipografia La Vallée,$c2020. 300 $a95 p. :$bill. ;$c23 cm 490 1 $aFocus 650 4$aSaint-Pierre - Castello Sarriod de la Tour - Scultura lignea.$0(OLS)http://semarc/subject/60077 830 0$aFocus.$0(OLS)http://semarc/title/25702 850 $aSeMil 852 $aSeMil$W1$xVenegono$y1$m3P II 441$j270790$B258046$CSeMilBibl$Z2$F258046 $81 961 $aCaspani Maurizio - Lascito 996 $6020$a978-88-87972-17-7$9(OLS)http://semarc/number/305698 996 $6245$aMedioevo profano :$bil soffitto scolpito del castello Sarriod de La Tour$9(OLS)http://semarc/title/459242 996 $6264$a[S.l.] :$bTipografia La Vallée$9(OLS)http://semarc/publisher/63011